01017nam a2200253 i 4500001000700000003000900007005001700016007000300033008004100036080002500077100003400102245010200136260004600238300003000284490002700314600005800341700002600399830003500425852002100460852002100481999001900502952012100521952012100642135149ES-MaACL20230906194821.0t|070710s1932 sp ||||1| spa d a929:1 Hobbes, Thomas1 aTönnies, Ferdinand.911057910aVida y doctrina de Tomás Hobbes / cFernando Tönnies ; traducción del alemán por E. Imaz. aMadrid : bRevista de Occidente, c[1932] a336 p. : bil. ; c22 cm.1 aLos filósofos ; v1114aHobbes, Thomas-xCrítica e interpretación.9638541 aImaz, Eugenio.9652031 aLos filósofos ; v119183665 aES-MaACLjD-5274 aES-MaACLjE-6909 c135149d135149 00104070aATENEOMbATENEOMcDEPO2d2008-01-17eSCl0oE-6909p1140668r2023-02-23 00:00:00w2023-02-23yMONOGRAFIA 00104070aATENEOMbATENEOMcSVId2008-01-17eSCl0oD-5274p901140667r2023-02-23 00:00:00w2023-02-23yMONOGRAFIA